[Event "Moscow Aeroflot op-C"]
[Site "Moscow"]
[Date "2006.02.15"]
[Round "9"]
[White "Ivanov, Vladimir Ivanovich"]
[Black "Hopman, Pieter"]
[Result "1/2-1/2"]
[WhiteElo "2199"]
[BlackElo "2338"]
[PlyCount "120"]
[EventDate "2006.02.07"]
[EventType "swiss"]
[EventRounds "9"]
[EventCountry "RUS"]
[SourceTitle "EXT 2007"]
[Source "ChessBase"]
[SourceDate "2006.11.23"]
[SourceVersion "1"]
[SourceVersionDate "2006.11.23"]
[SourceQuality "1"]

1. Nf3 d6 2. d4 Bg4 3. c3 Nd7 4. Qb3 Rb8 5. Nbd2 Ngf6 6. e3 e6 7. Bd3 d5 8. c4 c6 9. Qc2 a6 10. c5 Qc7 11. b4 g6 12. Bb2 Bg7 13. 0-0 0-0 14. Bc3 Bf5 15. a4 Rfe8 16. Rfc1 Ra8 17. Rab1 Rec8 18. Ne1 Bxd3 19. Nxd3 Ne4 20. Ba1 f5 21. Nf3 g5 22. Nfe5 g4 23. f3 Nxe5 24. dxe5 gxf3 25. gxf3 Ng5 26. Qg2 Qe7 27. Kh1 Kh8 28. Nf4 Rg8 29. Rg1 Nf7 30. Qh3 Bh6 31. Bd4 Bxf4 32. exf4 Rxg1+ 33. Rxg1 Rg8 34. Rg3 Rg7 35. Kg2 Kg8 36. Kf2 Nh8 37. Qh6 Ng6 38. Rg5 a5 39. b5 cxb5 40. h4 bxa4 41. h5 Nf8 42. Qf6 Qxf6 43. exf6 Rxg5 44. fxg5 f4 45. Be5 a3 46. Bxf4 a2 47. Be5 Nd7 48. Bb2 Nxc5 49. Ke2 Nd7 50. f4 Kf7 51. Kd3 e5 52. fxe5 Nf8 53. Kc2 Ne6 54. g6+ hxg6 55. hxg6+ Kxg6 56. Kb3 b5 57. Kxa2 d4 58. Kb3 Kf5 59. Ba3 Kxe5 60. f7 b4 1/2-1/2

[Event "Moscow Aeroflot op-C"]
[Site "Moscow"]
[Date "2006.02.12"]
[Round "6"]
[White "Kochetkov, German"]
[Black "Ivanov, Vladimir Ivanovich"]
[Result "1/2-1/2"]
[WhiteElo "2364"]
[BlackElo "2199"]
[PlyCount "102"]
[EventDate "2006.02.07"]
[EventType "swiss"]
[EventRounds "9"]
[EventCountry "RUS"]
[SourceTitle "EXT 2007"]
[Source "ChessBase"]
[SourceDate "2006.11.23"]
[SourceVersion "1"]
[SourceVersionDate "2006.11.23"]
[SourceQuality "1"]

1. Nf3 Nf6 2. g3 d5 3. Bg2 c6 4. 0-0 g6 5. d3 Bg7 6. Nc3 d4 7. Nb1 0-0 8. c4 Re8 9. Nbd2 e5 10. b4 a5 11. bxa5 Qxa5 12. Ng5 Na6 13. Nde4 Qd8 14. a4 Nxe4 15. Nxe4 Bf8 16. a5 f5 17. Bg5 Be7 18. Bxe7 Rxe7 19. Nd2 Nc5 20. Nb3 Ne6 21. Qd2 Qd6 22. Rfb1 f4 23. Qc1 Ng5 24. Qa3 Qf6 25. Nd2 Rf7 26. Nf3 Bg4 27. Nxg5 Qxg5 28. Qb2 Raf8 29. Qd2 Qh5 30. f3 Bc8 31. Rb6 Rf6 32. Qe1 g5 33. g4 Qe8 34. Qb4 Qd8 35. Kf2 Qd6 36. c5 Qe7 37. Rh1 Rh6 38. h3 Kg7 39. Rb1 Rd8 40. Ke1 Rf6 41. Kd1 Rd5 42. Rc1 Qf8 43. Rc4 Kg6 44. Kc1 Qh6 45. Qe1 Qh4 46. Qxh4 gxh4 47. Kb2 Rd7 48. Ka3 Rc7 49. Rb1 Rf8 50. Ka4 Kf6 51. Kb4 Ke6 1/2-1/2

[Event "Moscow Aeroflot op-C"]
[Site "Moscow"]
[Date "2006.02.11"]
[Round "5"]
[White "Ivanov, Vladimir Ivanovich"]
[Black "Chudinovskih, Alexander N"]
[Result "0-1"]
[WhiteElo "2199"]
[BlackElo "2341"]
[PlyCount "120"]
[EventDate "2006.02.07"]
[EventType "swiss"]
[EventRounds "9"]
[EventCountry "RUS"]
[SourceTitle "EXT 2007"]
[Source "ChessBase"]
[SourceDate "2006.11.23"]
[SourceVersion "1"]
[SourceVersionDate "2006.11.23"]
[SourceQuality "1"]

1. Nf3 Nf6 2. g3 d5 3. Bg2 e6 4. 0-0 Be7 5. d3 c5 6. c3 Nc6 7. Nbd2 0-0 8. e4 a5 9. a4 b6 10. Re1 Ba6 11. e5 Nd7 12. Nf1 b5 13. h4 Rb8 14. N1h2 Qb6 15. Bf1 b4 16. c4 Rbd8 17. cxd5 exd5 18. Bh3 Nd4 19. Nxd4 cxd4 20. Nf3 Nc5 21. Bf1 Qg6 22. Nxd4 Bxh4 23. Nb5 Be7 24. d4 Ne4 25. Bf4 Bc8 26. Bg2 h5 27. Nc7 Bf5 28. Qe2 h4 29. Qe3 hxg3 30. fxg3 Qb6 31. Nxd5 Rxd5 32. Bxe4 Bxe4 33. Qxe4 Qxd4+ 34. Qxd4 Rxd4 35. e6 g5 36. Be3 Rd3 37. Kg2 fxe6 38. Rad1 Rfd8 39. Rxd3 Rxd3 40. Bb6 Kf7 41. Re2 Bd8 42. Bxd8 Rxd8 43. Kf3 Rd3+ 44. Kg4 Kf6 45. Rc2 b3 46. Rc5 Rd5 47. Rc3 Rd4+ 48. Kh5 g4 49. Rxb3 Rxa4 50. Rb5 e5 51. b4 Rxb4 52. Rxa5 Kf5 53. Ra8 Ke6 54. Re8+ Kd5 55. Kg5 Ke4 56. Kxg4 Ke3+ 57. Kf5 e4 58. g4 Rb5+ 59. Ke6 Rg5 60. Kf6 Rxg4 0-1

[Event "Moscow Aeroflot op-C"]
[Site "Moscow"]
[Date "2006.02.10"]
[Round "4"]
[White "Gong, Qianyun"]
[Black "Ivanov, Vladimir Ivanovich"]
[Result "1/2-1/2"]
[WhiteElo "2355"]
[BlackElo "2199"]
[PlyCount "120"]
[EventDate "2006.02.07"]
[EventType "swiss"]
[EventRounds "9"]
[EventCountry "RUS"]
[SourceTitle "EXT 2007"]
[Source "ChessBase"]
[SourceDate "2006.11.23"]
[SourceVersion "1"]
[SourceVersionDate "2006.11.23"]
[SourceQuality "1"]

1. e4 e5 2. Bc4 Nf6 3. d3 Nc6 4. Nf3 Be7 5. c3 0-0 6. Nbd2 d6 7. Bb3 Na5 8. Bc2 c5 9. 0-0 b6 10. Re1 Bb7 11. Nf1 Nc6 12. Ng3 Ne8 13. Nf5 Bf6 14. h3 Ne7 15. Ne3 Ng6 16. Bb3 Nc7 17. Ng4 Be7 18. d4 h5 19. Ngh2 b5 20. Nd2 c4 21. Bc2 h4 22. b3 b4 23. Nxc4 bxc3 24. dxe5 dxe5 25. Qh5 Ne6 26. Nf3 Bf6 27. Nfxe5 Nxe5 28. Nxe5 Nd4 29. Bd3 Qa5 30. f4 Ba6 31. Be3 Bxd3 32. Bxd4 Rad8 33. Bf2 Bxe5 34. Qxe5 Qxe5 35. fxe5 Rfe8 36. Bxh4 Rc8 37. Re3 c2 38. Rc1 Ba6 39. Bg3 Kh7 40. Rf3 Rxe5 41. Rxf7 Rxe4 42. Bf2 Be2 43. Rxa7 Bd1 44. Rd7 Re2 45. b4 Rf8 46. Bc5 Rf5 47. Rd4 Rg5 48. Rh4+ Kg8 49. Bf2 Rf5 50. Bc5 Rg5 51. Bf2 Rf5 52. Bg3 Rd5 53. Rf4 Re3 54. Bf2 Ra3 55. Rd4 Rf5 56. Rd8+ Kh7 57. Rc8 Rxa2 58. Rc5 Rf4 59. b5 Rb4 60. Be3 Rab2 1/2-1/2

[Event "IECG CM.2002.0.00189 email"]
[Site "IECG email"]
[Date "2002.07.30"]
[Round "?"]
[White "Hnatovsky, Nicholas"]
[Black "Ivanov, Vladimir Ivanovich"]
[Result "1/2-1/2"]
[WhiteElo "2307"]
[BlackElo "2411"]
[PlyCount "64"]
[EventDate "2002.07.30"]
[EventType "tourn (corr)"]
[EventRounds "6"]
[SourceTitle "Corr 2008"]
[Source "ChessBase"]
[SourceDate "2008.06.24"]
[SourceVersion "1"]
[SourceVersionDate "2008.06.24"]
[SourceQuality "1"]

1. d4 Nf6 2. Nf3 d5 3. c4 e6 4. Nc3 c5 5. cxd5 exd5 6. Bg5 cxd4 7. Nxd4 Be7 8. e3 0-0 9. Be2 Nc6 10. 0-0 Be6 11. Rc1 Rc8 12. Qd3 Nxd4 13. Qxd4 Qa5 14. Rfd1 Rc6 15. a3 Rfc8 16. Bf3 Rc4 17. Qd3 d4 18. Bxf6 Bxf6 19. exd4 Rxd4 20. Qb1 Rxd1+ 21. Rxd1 Bxc3 22. bxc3 g6 23. Qb4 Qxb4 24. cxb4 b6 25. h3 Kg7 26. Rd3 Rc2 27. Bd5 Bxd5 28. Rxd5 Rc3 29. a4 Rc4 30. Rb5 Kf6 31. a5 Rc6 32. f4 bxa5 1/2-1/2

[Event "IECG CM.2002.0.00189 email"]
[Site "IECG email"]
[Date "2002.07.30"]
[Round "?"]
[White "Ivanov, Vladimir Ivanovich"]
[Black "Ibar, Marcelo Rodolfo"]
[Result "1-0"]
[WhiteElo "2411"]
[BlackElo "2379"]
[PlyCount "87"]
[EventDate "2002.07.30"]
[EventType "tourn (corr)"]
[EventRounds "6"]
[SourceTitle "Corr 2008"]
[Source "ChessBase"]
[SourceDate "2008.06.24"]
[SourceVersion "1"]
[SourceVersionDate "2008.06.24"]
[SourceQuality "1"]

1. Nf3 Nf6 2. c4 c5 3. g3 g6 4. Bg2 Bg7 5. 0-0 0-0 6. Nc3 Nc6 7. d4 d6 8. d5 Na5 9. Nd2 a6 10. Qc2 Rb8 11. b3 b5 12. Bb2 bxc4 13. bxc4 Bh6 14. f4 Ng4 15. Nd1 Rxb2 16. Qxb2 Bg7 17. Qc1 Bd4+ 18. Kh1 Bxa1 19. Qxa1 e6 20. h3 Nf6 21. Qc3 Re8 22. e4 Nd7 23. Ne3 e5 24. f5 f6 25. h4 Kg7 26. Bh3 Nb7 27. Kg2 g5 28. hxg5 fxg5 29. f6+ Nxf6 30. Bxc8 Qxc8 31. Nf5+ Kg6 32. Nf3 Nxe4 33. Qe3 Qxf5 34. Nh4+ gxh4 35. Rxf5 h3+ 36. Kxh3 Kxf5 37. Qf3+ Kg6 38. Qxe4+ Kg7 39. Qg4+ Kf6 40. Qh4+ Kg6 41. Kg4 Rf8 42. Qe7 h5+ 43. Kh4 Rf1 44. Qe6+ 1-0

[Event "GER CupT semifinal"]
[Site "Baden-Baden"]
[Date "2002.03.09"]
[Round "1.3"]
[White "Nunn, John DM"]
[Black "Ivanov, Vladimir Ivanovich"]
[Result "1-0"]
[WhiteElo "2595"]
[BlackElo "2194"]
[PlyCount "65"]
[EventDate "2002.03.08"]
[EventType "team-tourn"]
[EventRounds "2"]
[EventCountry "GER"]
[SourceTitle "CBM 088"]
[Source "ChessBase"]
[SourceDate "2002.03.21"]
[SourceVersion "1"]
[SourceVersionDate "2002.03.21"]
[SourceQuality "1"]
[WhiteTeam "Luebeck"]
[BlackTeam "Magdeburg USC"]
[WhiteTeamCountry "GER"]
[BlackTeamCountry "GER"]

1. e4 c5 2. Nf3 Nc6 3. Bb5 g6 4. Bxc6 dxc6 5. d3 Bg7 6. h3 Nf6 7. Nc3 Nd7 8. Be3 0-0 9. Qd2 Re8 10. 0-0 e5 11. Nh2 b6 12. Kh1 Nf8 13. f4 exf4 14. Bxf4 c4 15. Qf2 cxd3 16. Rad1 Be6 17. cxd3 Qd7 18. d4 Bc4 19. Rfe1 f5 20. Be5 Rad8 21. Nf3 fxe4 22. Nxe4 Bd5 23. Qh4 Bxe4 24. Rxe4 Qe7 25. Qg3 Nd7 26. Rde1 Nxe5 27. Nxe5 Bxe5 28. Rxe5 Qf7 29. Qh4 h5 30. Qg5 Rf8 31. Re6 Kh7 32. Re7 Rxd4 33. R1e6 1-0

[Event "Novaya Ladoga"]
[Site "Novaya Ladoga"]
[Date "2001.??.??"]
[Round "?"]
[White "Anjuhin, Alex"]
[Black "Ivanov, Vladimir Ivanovich"]
[Result "1/2-1/2"]
[WhiteElo "2460"]
[BlackElo "2336"]
[PlyCount "58"]
[EventDate "2001.??.??"]
[EventType "tourn"]
[EventRounds "11"]
[EventCountry "RUS"]
[SourceTitle "EXT 2002"]
[Source "ChessBase"]
[SourceDate "2001.11.25"]
[SourceVersion "1"]
[SourceVersionDate "2001.11.25"]
[SourceQuality "1"]

1. e4 e6 2. d4 d5 3. e5 c5 4. c3 Ne7 5. Nf3 Nf5 6. a3 a5 7. Bd3 Nc6 8. Bg5 Qb6 9. Qd2 a4 10. g4 Nfe7 11. Be3 c4 12. Be2 Na5 13. Bd1 Bd7 14. 0-0 h5 15. h3 hxg4 16. hxg4 Ng6 17. Qc1 Be7 18. Nbd2 0-0-0 19. Kg2 Rh7 20. Qc2 Nb3 21. Rb1 Rdh8 22. Be2 Qd8 23. Rh1 Nh4+ 24. Nxh4 Rxh4 25. Rxh4 Rxh4 26. Rh1 Rxh1 27. Kxh1 Qh8+ 28. Kg2 Nxd2 29. Qxd2 Qh4 1/2-1/2

[Event "Chigorin Memorial 08th"]
[Site "St Petersburg"]
[Date "2000.11.04"]
[Round "4"]
[White "Ivanov, Vladimir Ivanovich"]
[Black "Vaulin, Alexander"]
[Result "0-1"]
[WhiteElo "2403"]
[BlackElo "2552"]
[PlyCount "102"]
[EventDate "2000.10.31"]
[EventType "swiss"]
[EventRounds "9"]
[EventCountry "RUS"]
[SourceTitle "EXT 2001"]
[Source "ChessBase"]
[SourceDate "2000.11.22"]
[SourceVersion "1"]
[SourceVersionDate "2000.11.22"]
[SourceQuality "1"]

1. e4 c5 2. Nf3 d6 3. Bb5+ Nd7 4. d4 Ngf6 5. 0-0 a6 6. Bxd7+ Nxd7 7. e5 e6 8. Bf4 d5 9. Nbd2 Be7 10. c3 b6 11. Qe2 Bb7 12. Qe3 h6 13. Rfc1 Rc8 14. Nf1 Bc6 15. Qd2 Nf8 16. Ng3 Ng6 17. Be3 h5 18. h3 Bb5 19. Bg5 h4 20. Bxe7 Nxe7 21. Nf1 Bxf1 22. Kxf1 Nf5 23. c4 dxc4 24. Rxc4 cxd4 25. Rxc8 Qxc8 26. Nxd4 Qc4+ 27. Ne2 0-0 28. Qc3 Qd5 29. Nf4 Qe4 30. Nd3 Rd8 31. Ne1 Nd4 32. Qd3 Qxe5 33. Nf3 Qf6 34. Nxd4 Qxd4 35. Qxa6 Qxb2 36. Re1 g6 37. Kg1 Rd2 38. Rf1 Qd4 39. a3 Ra2 40. Qa8+ Kg7 41. Qf3 Qb2 42. Qf4 Rxa3 43. Qxh4 Ra1 44. Rxa1 Qxa1+ 45. Kh2 Qb2 46. Qg3 b5 47. h4 Qf6 48. f4 b4 49. h5 b3 50. hxg6 b2 51. gxf7+ Kxf7 0-1

[Event "Chigorin Memorial 08th"]
[Site "St Petersburg"]
[Date "2000.11.02"]
[Round "3"]
[White "Poluljahov, Aleksandr"]
[Black "Ivanov, Vladimir Ivanovich"]
[Result "1/2-1/2"]
[WhiteElo "2543"]
[BlackElo "2403"]
[PlyCount "35"]
[EventDate "2000.10.31"]
[EventType "swiss"]
[EventRounds "9"]
[EventCountry "RUS"]
[SourceTitle "EXT 2001"]
[Source "ChessBase"]
[SourceDate "2000.11.22"]
[SourceVersion "1"]
[SourceVersionDate "2000.11.22"]
[SourceQuality "1"]

1. c4 e5 2. Nc3 Nf6 3. Nf3 Nc6 4. a3 d6 5. g3 g6 6. Bg2 Bg7 7. 0-0 0-0 8. d3 h6 9. e4 Be6 10. Nd5 Ne8 11. h3 Kh7 12. Kh2 Qd7 13. Nh4 Nd4 14. f4 c6 15. f5 cxd5 16. fxe6 Qxe6 17. Nf3 Nxf3+ 18. Qxf3 1/2-1/2

[Event "IECG WC.2000.F.00001 email"]
[Site "IECG email"]
[Date "2000.11.01"]
[Round "?"]
[White "Bennedik, Martin"]
[Black "Ivanov, Vladimir Ivanovich"]
[Result "1/2-1/2"]
[WhiteElo "2315"]
[BlackElo "2412"]
[PlyCount "51"]
[EventDate "2000.11.01"]
[EventType "tourn (corr)"]
[EventRounds "14"]
[SourceTitle "Corr 2008"]
[Source "ChessBase"]
[SourceDate "2008.06.24"]
[SourceVersion "1"]
[SourceVersionDate "2008.06.24"]
[SourceQuality "1"]

1. e4 c5 2. Nf3 Nc6 3. d4 cxd4 4. Nxd4 g6 5. c4 Bg7 6. Be3 Nf6 7. Nc3 0-0 8. Be2 d6 9. 0-0 Bd7 10. Qd2 Ng4 11. Bxg4 Bxg4 12. f4 Nxd4 13. Bxd4 e5 14. Be3 exf4 15. Bxf4 Qb6+ 16. Be3 Qb4 17. Rac1 Qxc4 18. b3 Qb4 19. Rf4 Be6 20. e5 Qa5 21. exd6 Rfc8 22. Ra4 Bxc3 23. Rxa5 Bxd2 24. Bxd2 Rxc1+ 25. Bxc1 Kf8 26. Be3 1/2-1/2

[Event "IECG WC.2000.F.00001 email"]
[Site "IECG email"]
[Date "2000.11.01"]
[Round "?"]
[White "Claridge, John Bleddyn"]
[Black "Ivanov, Vladimir Ivanovich"]
[Result "1-0"]
[WhiteElo "2265"]
[BlackElo "2412"]
[PlyCount "93"]
[EventDate "2000.11.01"]
[EventType "tourn (corr)"]
[EventRounds "14"]
[SourceTitle "Corr 2008"]
[Source "ChessBase"]
[SourceDate "2008.06.24"]
[SourceVersion "1"]
[SourceVersionDate "2008.06.24"]
[SourceQuality "1"]

1. e4 e5 2. f4 d5 3. exd5 e4 4. d3 Nf6 5. dxe4 Nxe4 6. Nf3 Bc5 7. Qe2 Bf5 8. Nc3 Qe7 9. Be3 Bxe3 10. Qxe3 Nxc3 11. Qxe7+ Kxe7 12. bxc3 Bxc2 13. Kd2 Bf5 14. Re1+ Kd8 15. Nd4 Bc8 16. Bd3 Nd7 17. Re3 Nf6 18. c4 Re8 19. Rhe1 Rxe3 20. Rxe3 Bd7 21. Nf3 Be8 22. Ne5 a5 23. g4 h6 24. g5 hxg5 25. fxg5 Nd7 26. Nxd7 Bxd7 27. c5 a4 28. h4 g6 29. Kc3 a3 30. Rf3 Ke7 31. Bc4 Rh8 32. Rf4 Bf5 33. Kb4 f6 34. d6+ cxd6 35. cxd6+ Kxd6 36. Rxf5 gxf5 37. g6 Rxh4 38. g7 Rg4 39. g8Q Rxg8 40. Bxg8 Ke5 41. Kc3 Kf4 42. Be6 Ke5 43. Bc8 b5 44. Kb4 f4 45. Kxa3 f3 46. Ba6 Kd4 47. Kb4 1-0

[Event "IECG WC.2000.F.00001 email"]
[Site "IECG email"]
[Date "2000.11.01"]
[Round "?"]
[White "Siefring, Carl L"]
[Black "Ivanov, Vladimir Ivanovich"]
[Result "1/2-1/2"]
[WhiteElo "2205"]
[BlackElo "2412"]
[PlyCount "109"]
[EventDate "2000.11.01"]
[EventType "tourn (corr)"]
[EventRounds "14"]
[SourceTitle "Corr 2008"]
[Source "ChessBase"]
[SourceDate "2008.06.24"]
[SourceVersion "1"]
[SourceVersionDate "2008.06.24"]
[SourceQuality "1"]

1. e4 c5 2. Nf3 Nc6 3. d4 cxd4 4. Nxd4 g6 5. Nc3 Bg7 6. Be3 Nf6 7. Nxc6 bxc6 8. e5 Ng8 9. Bd4 c5 10. Bxc5 Qc7 11. Bd4 Bxe5 12. Be2 Nf6 13. Bxe5 Qxe5 14. 0-0 Rb8 15. Rb1 0-0 16. Re1 Bb7 17. Qd2 Qc5 18. b4 Qb6 19. Bf1 Rfe8 20. a4 a5 21. bxa5 Qxa5 22. Ne4 Qxd2 23. Nxd2 Bc6 24. a5 Rxb1 25. Rxb1 Ra8 26. a6 Kf8 27. Nb3 Be4 28. Rb2 Ke8 29. f3 Bd5 30. c4 Bc6 31. Nd4 Kd8 32. c5 Kc7 33. Kf2 Nd5 34. Bc4 e6 35. Rb3 g5 36. Ra3 h6 37. g3 f5 38. Nb5+ Bxb5 39. Bxb5 Nb4 40. Ra4 Nc6 41. Ke3 Na7 42. Bd3 Rb8 43. h3 Rb3 44. g4 fxg4 45. hxg4 Kb8 46. Kd4 Nc6+ 47. Kc4 Rb2 48. Kc3 Rf2 49. Be4 Ka7 50. Ra1 Ne5 51. Rd1 Kxa6 52. Kd4 Nc6+ 53. Ke3 Ra2 54. Rxd7 Kb5 55. Rh7 1/2-1/2

[Event "St Petersburg White Nights op"]
[Site "St Petersburg"]
[Date "2000.07.01"]
[Round "8"]
[White "Ivanov, Vladimir Ivanovich"]
[Black "Malinin, Vasily Borisovich"]
[Result "1-0"]
[WhiteElo "2260"]
[BlackElo "2338"]
[PlyCount "65"]
[EventDate "2000.06.23"]
[EventType "swiss"]
[EventRounds "9"]
[EventCountry "RUS"]
[SourceTitle "CBM 076 Extra"]
[Source "ChessBase"]
[SourceDate "2000.07.11"]
[SourceVersion "1"]
[SourceVersionDate "2000.07.11"]
[SourceQuality "1"]

1. Nf3 Nc6 2. d4 d5 3. c4 Bg4 4. cxd5 Bxf3 5. dxc6 Bxc6 6. Nc3 Nf6 7. f3 e5 8. dxe5 Nd7 9. Bf4 Bc5 10. e4 a6 11. Bc4 0-0 12. e6 fxe6 13. Bxe6+ Kh8 14. Qd2 Qe8 15. Bxd7 Bxd7 16. Bxc7 Be6 17. 0-0-0 b5 18. Kb1 Bc4 19. Nd5 b4 20. b3 Bb5 21. Rc1 Ba7 22. Bd6 Rd8 23. Bxf8 Qxf8 24. Qxb4 Bd3+ 25. Kb2 Qe8 26. a4 h6 27. Rhd1 Qe5+ 28. Ka2 Be2 29. Rd2 Qg5 30. h4 Qxg2 31. Rcc2 Qxf3 32. Rxe2 Rb8 33. Qc4 1-0

[Event "St Petersburg White Nights op"]
[Site "St Petersburg"]
[Date "2000.06.28"]
[Round "5"]
[White "Melnikov, Dmitry"]
[Black "Ivanov, Vladimir Ivanovich"]
[Result "1/2-1/2"]
[WhiteElo "2185"]
[BlackElo "2260"]
[PlyCount "61"]
[EventDate "2000.06.23"]
[EventType "swiss"]
[EventRounds "9"]
[EventCountry "RUS"]
[SourceTitle "CBM 076 Extra"]
[Source "ChessBase"]
[SourceDate "2000.07.11"]
[SourceVersion "1"]
[SourceVersionDate "2000.07.11"]
[SourceQuality "1"]

1. e4 c5 2. Nf3 Nc6 3. d4 cxd4 4. Nxd4 e5 5. Nb5 d6 6. c4 Be7 7. b3 Nf6 8. Bd3 a6 9. N5c3 0-0 10. 0-0 Be6 11. Na3 Qa5 12. Bb2 d5 13. exd5 Bxa3 14. Bxa3 Qxa3 15. dxe6 fxe6 16. Ne4 Rad8 17. Nxf6+ gxf6 18. Qg4+ Kh8 19. Qh3 f5 20. Kh1 Qb2 21. Rae1 Qxa2 22. Bb1 Qd2 23. g4 Qf4 24. Rg1 Rd2 25. g5 Qxf2 26. Ref1 Qc5 27. g6 Rd7 28. Qh6 Rg7 29. gxh7 Rxh7 30. Qxe6 Nd4 31. Rg8+ 1/2-1/2

[Event "St Petersburg White Nights op"]
[Site "St Petersburg"]
[Date "2000.06.24"]
[Round "2"]
[White "Ivanov, Vladimir Ivanovich"]
[Black "Karasev, Vladimir I"]
[Result "0-1"]
[WhiteElo "2260"]
[BlackElo "2347"]
[PlyCount "104"]
[EventDate "2000.06.23"]
[EventType "swiss"]
[EventRounds "9"]
[EventCountry "RUS"]
[SourceTitle "CBM 076 Extra"]
[Source "ChessBase"]
[SourceDate "2000.07.11"]
[SourceVersion "1"]
[SourceVersionDate "2000.07.11"]
[SourceQuality "1"]

1. e4 c5 2. Nf3 d6 3. Bb5+ Nd7 4. d4 cxd4 5. Qxd4 Ngf6 6. Bg5 a6 7. Bxf6 axb5 8. Bh4 Ra4 9. Qe3 Qb6 10. Qe2 b4 11. 0-0 g6 12. e5 dxe5 13. Nxe5 Nxe5 14. Qxe5 f6 15. Qe2 b3 16. Bg3 Bg4 17. Qd3 Rxa2 18. Nc3 Bf5 19. Qc4 Be6 20. Nd5 Qc6 21. Nc7+ Kf7 22. Qxe6+ Qxe6 23. Nxe6 Kxe6 24. Rxa2 bxa2 25. Ra1 Bh6 26. Rxa2 Rd8 27. h3 Rd1+ 28. Kh2 f5 29. Ra4 Rd2 30. Rb4 Rxc2 31. Rxb7 Bg7 32. b4 g5 33. f4 h6 34. Rb6+ Kf7 35. Rb5 Kg6 36. fxg5 hxg5 37. Be5 Bxe5+ 38. Rxe5 Kf6 39. Rb5 f4 40. Kg1 Rb2 41. Rb8 e5 42. b5 e4 43. b6 e3 44. Kf1 Kg7 45. b7 Kh7 46. h4 g4 47. Rf8 Rb1+ 48. Ke2 Rb2+ 49. Kd3 e2 50. Rf7+ Kg6 51. Re7 f3 52. gxf3 gxf3 0-1

[Event "St Petersburg White Nights op"]
[Site "St Petersburg"]
[Date "2000.06.23"]
[Round "1"]
[White "Chehlov, Aleksander"]
[Black "Ivanov, Vladimir Ivanovich"]
[Result "0-1"]
[WhiteElo "2248"]
[BlackElo "2260"]
[PlyCount "55"]
[EventDate "2000.06.23"]
[EventType "swiss"]
[EventRounds "9"]
[EventCountry "RUS"]
[SourceTitle "CBM 076 Extra"]
[Source "ChessBase"]
[SourceDate "2000.07.11"]
[SourceVersion "1"]
[SourceVersionDate "2000.07.11"]
[SourceQuality "1"]

1. e4 c5 2. Nf3 Nc6 3. g3 g6 4. Bg2 Bg7 5. d3 Nf6 6. Nbd2 0-0 7. 0-0 d5 8. Re1 b6 9. c3 Bb7 10. a3 e6 11. e5 Nd7 12. d4 f6 13. exf6 Qxf6 14. Bh3 Rae8 15. Qe2 cxd4 16. cxd4 Nxd4 17. Nxd4 Qxd4 18. Nf3 Qf6 19. Ng5 Nc5 20. f4 e5 21. b4 Nb3 22. Rb1 Nd4 23. Qf2 exf4 24. Bxf4 h6 25. Nf3 Nxf3+ 26. Qxf3 g5 27. Rxe8 Rxe8 28. Qh5 0-1

[Event "IECG WC.2002.S.00001 email"]
[Site "IECG email"]
[Date "2000.??.??"]
[Round "?"]
[White "Bonatti, Walter Fabian"]
[Black "Ivanov, Vladimir Ivanovich"]
[Result "1/2-1/2"]
[WhiteElo "2514"]
[BlackElo "2447"]
[PlyCount "49"]
[EventDate "2000.03.10"]
[EventType "tourn (corr)"]
[EventRounds "8"]
[SourceTitle "Corr 2008"]
[Source "ChessBase"]
[SourceDate "2008.06.24"]
[SourceVersion "1"]
[SourceVersionDate "2008.06.24"]
[SourceQuality "1"]

1. e4 c5 2. Nf3 Nc6 3. d4 cxd4 4. Nxd4 g6 5. c4 Bg7 6. Be3 Nf6 7. Nc3 0-0 8. Be2 d6 9. 0-0 Bd7 10. Qd2 Ng4 11. Bxg4 Bxg4 12. Rac1 Qa5 13. Kh1 Rfc8 14. b3 Bd7 15. f4 Nxd4 16. Bxd4 Bxd4 17. Qxd4 Bc6 18. f5 Qe5 19. Qd3 f6 20. Nd5 Be8 21. a4 g5 22. a5 Bf7 23. b4 Rc6 24. Rc3 Kg7 25. Rd1 1/2-1/2

[Event "IECG WC.2002.S.00001 email"]
[Site "IECG email"]
[Date "2000.??.??"]
[Round "?"]
[White "Efendiyev, Enver Mikhailovich"]
[Black "Ivanov, Vladimir Ivanovich"]
[Result "1-0"]
[WhiteElo "2338"]
[BlackElo "2447"]
[PlyCount "105"]
[EventDate "2000.03.10"]
[EventType "tourn (corr)"]
[EventRounds "8"]
[SourceTitle "Corr 2008"]
[Source "ChessBase"]
[SourceDate "2008.06.24"]
[SourceVersion "1"]
[SourceVersionDate "2008.06.24"]
[SourceQuality "1"]

1. e4 c5 2. Nf3 Nc6 3. d4 cxd4 4. Nxd4 g6 5. c4 Bg7 6. Be3 Nf6 7. Nc3 0-0 8. Be2 b6 9. 0-0 Bb7 10. f3 Ne8 11. Qd2 Nxd4 12. Bxd4 Bxd4+ 13. Qxd4 d6 14. Rad1 e5 15. Qd2 Bc6 16. f4 exf4 17. Qxf4 Qe7 18. b4 Rc8 19. Rd3 Bb7 20. Rh3 f6 21. Qh6 Rf7 22. c5 d5 23. exd5 bxc5 24. b5 Nd6 25. Re3 Qc7 26. Re6 f5 27. Re1 Rd8 28. Qg5 Bc8 29. Bf3 Qa5 30. R1e3 f4 31. Rxd6 Rdf8 32. Re7 Qxc3 33. h4 Bf5 34. Rxf7 Kxf7 35. h5 Qe1+ 36. Kh2 Qg3+ 37. Qxg3 fxg3+ 38. Kxg3 Rc8 39. Rc6 Ke7 40. d6+ Kd7 41. Rxc8 Kxc8 42. Bg4 Bxg4 43. Kxg4 gxh5+ 44. Kf5 Kd7 45. Ke5 h4 46. Kd5 c4 47. Kxc4 Kxd6 48. a4 Kc7 49. a5 Kd6 50. a6 Kc7 51. Kc5 Kb8 52. Kc6 Ka8 53. Kc7 1-0

[Event "Severstal 45 Jubilee"]
[Site "Cherepovets"]
[Date "2000.??.??"]
[Round "10"]
[White "Ivanov, Vladimir Ivanovich"]
[Black "Bratchenko, Alexander"]
[Result "1/2-1/2"]
[WhiteElo "2398"]
[BlackElo "2400"]
[PlyCount "20"]
[EventDate "2000.??.??"]
[EventType "tourn"]
[EventRounds "13"]
[EventCountry "RUS"]
[SourceTitle "EXT 2001"]
[Source "ChessBase"]
[SourceDate "2000.11.22"]
[SourceVersion "1"]
[SourceVersionDate "2000.11.22"]
[SourceQuality "1"]

1. e4 Nf6 2. Nc3 d5 3. e5 d4 4. exf6 dxc3 5. fxg7 cxd2+ 6. Qxd2 Qxd2+ 7. Bxd2 Bxg7 8. 0-0-0 Nc6 9. Ne2 Bg4 10. f3 Bf5 1/2-1/2

[Event "IECG WC.2002.S.00001 email"]
[Site "IECG email"]
[Date "2000.??.??"]
[Round "?"]
[White "Ivanov, Vladimir Ivanovich"]
[Black "Santistevan, Ovidio"]
[Result "1/2-1/2"]
[WhiteElo "2447"]
[BlackElo "1306"]
[PlyCount "90"]
[EventDate "2000.03.10"]
[EventType "tourn (corr)"]
[EventRounds "8"]
[SourceTitle "Corr 2008"]
[Source "ChessBase"]
[SourceDate "2008.06.24"]
[SourceVersion "1"]
[SourceVersionDate "2008.06.24"]
[SourceQuality "1"]

1. Nf3 d5 2. b3 Bg4 3. Bb2 c6 4. e3 e6 5. h3 Bh5 6. d3 Nf6 7. Nbd2 Nbd7 8. Be2 Qa5 9. 0-0 Ba3 10. Qc1 Bxb2 11. Qxb2 e5 12. b4 Qc7 13. Rfc1 0-0 14. Bf1 Bxf3 15. Nxf3 e4 16. Nd2 a5 17. a3 Rfd8 18. Nb3 b6 19. Nd4 Ne5 20. Rcb1 a4 21. Nf5 Rd7 22. Rd1 Rad8 23. dxe4 dxe4 24. Rd4 Rxd4 25. exd4 Ng6 26. c3 Qf4 27. Ne3 Qg5 28. b5 c5 29. dxc5 Qxc5 30. Qb4 Qxb4 31. axb4 Ra8 32. Ra3 Ne5 33. Nc4 Nxc4 34. Bxc4 g5 35. Kf1 Kg7 36. Ke2 Kg6 37. Ba2 Kf5 38. c4 Ke5 39. c5 bxc5 40. bxc5 Kd4 41. c6 Kc5 42. Bb3 Kxb5 43. Rxa4 Rc8 44. Ra7 Kb4 45. Rb7+ Kc5 1/2-1/2